000 01269nam a22003497a 4500
003 CHAP
005 20220329134038.0
008 971013s1982 r 00010 d
010 _a14607
011 _a15579
035 _a19655
040 _cCHAP
090 _aTesis
100 0 0 _aHernández Ramírez, Carlos Victor.
_954500
245 _aRelación entre el número de exámenes coproparasitoscopicos y la cantidad de heces a utilizar para el diagnóstico de la fasciolasis bovina
260 _aMéxico, D.F. :
_bEl Autor,
_c1982
300 _ac.a. 38 h.
502 _aTesis (Médico Veterinario Zootecnista) -- UNAM. Fac. de Medicina Veterinaria y Zootecnia
590 _aALEPH
_b10
_c20130110
_lUCH01
_h1236
590 _aBATCH-UPD
_b10
_c20130110
_lUCH01
_h0230
590 _aBATCH-UPD
_b10
_c20130110
_lUCH01
_h2059
590 _aBATCH-UPD
_b10
_c20130409
_lUCH01
_h2253
590 _aBATCH-UPD
_b10
_c20130410
_lUCH01
_h1412
590 _aBATCH-UPD
_b10
_c20130914
_lUCH01
_h1528
590 _aCONVERSION
_b10
_c20130109
_lUCH01
_h1309
650 1 4 _aFasciola hepatica.
_939814
650 1 4 _aGanado vacuno
_xParásitos.
_945500
650 1 4 _aMaterias fecales
_xAnálisis.
_972961
901 _aBK
942 _cTESIS
949 _bBC
_cTES
_d-45842
_eTS1
_h18642
_i19655
_si
999 _c14607
_d14607